000 01000nam a2200325 a 4500
008
020 _a9780627031236 (hardback)
040 _aNUST
_cNUST
049 _aMAIN
090 _aREF R729.5.G4
_bSOU
245 _aSouth African family practice manual/
_cedited by Bob Mash & Julia Blitz.
250 _aThird edition.
260 _aPretoria :
_b Van Schaik,
_c2015.
300 _axiii, 630 pages :
_billustrations ;
_c25 cm.
336 _atext
_btxt
_2rdacontent
337 _aunmediated
_bn
_2rdamedia
338 _avolume
_bnc
_2rdacarrier
500 _aIncludes index.
504 _aIncludes bibliographical references.
650 1 _aSouth Africa.
650 _aFamily medicine.
650 _aPediatrics.
650 _aChild development
700 _aMash, Bob.,
_aeditor.
700 _aBlitz, Julia.,
_aeditor.
907 _a.b10413613
_b01-02-22
_c27-01-22
003
005 20230120191440.0
942 _cBOOKS
_kREF R729.5.G4
_mSOU
999 _c101333
_d101333